000 00571nam a2200181 a 4500
001 000035674
005 20240322203027.0
008 111108s2011 dr 000 0 spa d
020 _a9789945164299
040 _aDO-SdBNP
_bspa
_cBNPHU
100 1 _aHernández, Juan Taveras
_961598
245 1 0 _aJuan TH en voz alta /
_cJuan Taveras Hernández; prólogo Hipólito Mejía.
250 _a1a. reimpr.
260 _aSanto Domingo :
_bGestión Editorial,
_c2011.
_fEditora Búho
300 _a636 p. ;
_c24 cm.
700 1 _aMejía, Hipólito,
_d1941-
_978920
049 _aBNPD
999 _c35165
_d35165